000 00301nam a22001337a 4500
008 170616b xxu||||| |||| 00| 0 eng d
020 _a0300037171
041 _aeng
080 _a32
100 _a20
101 _aSHP
245 _aIDEOLOGY AND U.S. AND FOREIGN POLICY
_cHUNT ,M.H
942 _2udc
_cBK
999 _c17791
_d17791